[Event "Niederbayernliga 0607"]
[Site "Germany"]
[Date "2007.??.??"]
[Round "6.2"]
[White "Simin, Vladimir"]
[Black "Friedl, Gerhard"]
[Result "1/2-1/2"]
[WhiteElo "1922"]
[BlackElo "1826"]
[PlyCount "24"]
[EventDate "2006.??.??"]
[EventType "team"]
[EventRounds "9"]
[EventCountry "GER"]
[SourceTitle "EXT 2008"]
[Source "ChessBase"]
[SourceDate "2007.11.25"]
[SourceVersion "1"]
[SourceVersionDate "2007.11.25"]
[SourceQuality "1"]
[WhiteTeam "Ergolding"]
[BlackTeam "Kauflanden"]
[WhiteTeamCountry "GER"]
[BlackTeamCountry "GER"]

1. d4 d5 2. c4 e6 3. Nc3 f5 4. g3 Nf6 5. Bg2 c6 6. cxd5 exd5 7. Nh3 Bd6 8. 0-0 0-0 9. Bf4 Ne4 10. f3 Nxc3 11. bxc3 Bxf4 12. gxf4 Qe7 1/2-1/2

[Event "Niederbayernliga 0607"]
[Site "Germany"]
[Date "2006.??.??"]
[Round "2.2"]
[White "Goede, Andreas"]
[Black "Simin, Vladimir"]
[Result "1-0"]
[WhiteElo "1874"]
[BlackElo "1922"]
[PlyCount "71"]
[EventDate "2006.??.??"]
[EventType "team"]
[EventRounds "9"]
[EventCountry "GER"]
[SourceTitle "EXT 2008"]
[Source "ChessBase"]
[SourceDate "2007.11.25"]
[SourceVersion "1"]
[SourceVersionDate "2007.11.25"]
[SourceQuality "1"]
[WhiteTeam "Vilshofen"]
[BlackTeam "Ergolding"]
[WhiteTeamCountry "GER"]
[BlackTeamCountry "GER"]

1. e4 c5 2. Nc3 Nc6 3. g3 g6 4. Bg2 Bg7 5. d3 e6 6. Be3 d6 7. Qd2 h5 8. Nge2 Nd4 9. Nd1 e5 10. c3 Bh3 11. 0-0 Bxg2 12. Kxg2 Nxe2 13. Qxe2 h4 14. g4 h3+ 15. Kh1 Qd7 16. f4 0-0-0 17. b4 b6 18. f5 gxf5 19. gxf5 d5 20. bxc5 dxe4 21. dxe4 Qc6 22. Qa6+ Kd7 23. Nf2 Nf6 24. Rad1+ Ke8 25. Rxd8+ Kxd8 26. Bg5 Kc7 27. Qxa7+ Kc8 28. Bxf6 Bxf6 29. Qxb6 Qxb6 30. cxb6 Bg5 31. Nd3 f6 32. Nb4 Kb7 33. Nd5 Ra8 34. Rf3 Rxa2 35. Rxh3 Re2 36. Rh7+ 1-0